[Event "PokerStars IoM Masters 2014"]
[Site "Douglas ENG"]
[Date "2014.10.06"]
[Round "3.23"]
[White "Hill, Alistair"]
[Black "Givon, Asaf"]
[Result "0-1"]
[BlackTitle "IM"]
[WhiteElo "2102"]
[BlackElo "2431"]
[WhiteFideId "432407"]
[BlackFideId "2801841"]
[EventDate "2014.10.04"]

1. d4 f5 2. Nf3 Nf6 3. g3 g6 4. Bg2 Bg7 5. O-O O-O 6. c4 d6 7. Nc3 Nc6 8. b3 e5
9. dxe5 dxe5 10. e4 Nd4 11. Ba3 Re8 12. exf5 Bxf5 13. Nxd4 exd4 14. Nd5 c6 15.
Nxf6+ Qxf6 16. Bb2 g5 17. Re1 Rf8 18. Qd2 Rad8 19. Be4 h5 20. Bxf5 Qxf5 21. Re7
h4 22. Rf1 h3 23. f3 g4 24. f4 Rf7 25. Rxf7 Kxf7 26. Re1 Bf6 27. b4 Rd6 28. Qe2
Re6 29. Qxe6+ Qxe6 30. Rxe6 Kxe6 31. Kf2 Kf5 32. Ke2 d3+ 0-1

[Event "PokerStars IoM Masters 2014"]
[Site "Douglas ENG"]
[Date "2014.10.06"]
[Round "3.24"]
[White "Afek, Yochanan"]
[Black "Ferguson, Mark"]
[Result "1/2-1/2"]
[WhiteTitle "IM"]
[BlackTitle "IM"]
[WhiteElo "2287"]
[BlackElo "2414"]
[WhiteFideId "2800462"]
[BlackFideId "403547"]
[EventDate "2014.10.04"]

1. c4 Nf6 2. Nc3 e5 3. g3 d5 4. cxd5 Nxd5 5. Bg2 Nb6 6. Nf3 Nc6 7. O-O Be7 8. d3
O-O 9. a4 a5 10. Be3 f5 11. Qb3+ Kh8 12. Rac1 Bf6 13. Nb5 Re8 14. Nxc7 Qxc7 15.
Bxb6 Qe7 16. Bc5 Qe6 17. Qxe6 Bxe6 18. Nd2 Bg5 19. Be3 f4 20. Ne4 Bh6 21. gxf4
exf4 22. Bc5 f3 23. Bxf3 Bxc1 24. Rxc1 Ne5 25. Bg2 Bg4 26. f3 Bd7 27. Nd6 Re6
28. f4 Rg6 29. Kh1 Bc6 30. Bxc6 Nxc6 31. e4 Kg8 32. e5 Rg4 33. Be3 Nb4 34. e6
Nd5 35. Bd2 b6 36. Re1 Ne7 37. Rc1 Rd8 38. Nf7 Rc8 39. Rxc8+ Nxc8 40. Ne5 Rh4
41. Kg2 Rh6 42. f5 Rf6 43. d4 Rxf5 44. b4 Ne7 45. bxa5 bxa5 46. Bxa5 Rf6 47. Bd8
Rxe6 48. Bxe7 Rxe7 49. a5 Re6 50. Kf3 Ra6 51. Nc4 Rh6 52. Ke4 Rxh2 53. Kd5 Ra2
54. Kc6 Rc2 55. Kb5 h5 56. a6 Ra2 57. d5 Kf7 58. Kb6 h4 59. Na5 h3 60. a7 h2 61.
a8=Q h1=Q 62. Qb7+ Kg6 63. Qc6+ Kh7 64. d6 Qb1+ 65. Ka6 Qd3+ 66. Kb6 Rb2+ 67.
Kc7 Rc2 68. d7 Rxc6+ 69. Nxc6 Qg3+ 70. Kb7 Qb3+ 71. Kc7 Qf7 72. Kc8 Qf5 73. Kc7
Qf4+ 74. Kb7 Qd6 75. d8=Q Qxd8 76. Nxd8 g5 77. Ne6 g4 78. Nf4 Kh6 79. Kc6 Kg5 1/2-1/2

[Event "PokerStars IoM Masters 2014"]
[Site "Douglas ENG"]
[Date "2014.10.06"]
[Round "3.25"]
[White "Peek, Marcel"]
[Black "Klein, Felix"]
[Result "1/2-1/2"]
[WhiteTitle "IM"]
[BlackTitle "FM"]
[WhiteElo "2359"]
[BlackElo "2286"]
[WhiteFideId "1000462"]
[BlackFideId "24600458"]
[EventDate "2014.10.04"]

1. d4 d5 2. c4 e6 3. Nf3 c6 4. Nc3 dxc4 5. Bg5 Be7 6. Bxe7 Nxe7 7. e3 b5 8. b3
Qa5 9. Rc1 Nd5 10. Qd2 Nxc3 11. Rxc3 cxb3 12. axb3 Bb7 13. Bd3 Nd7 14. Be4 Rc8
15. O-O b4 16. Rc2 Nf6 17. Bd3 c5 18. Rfc1 Nd7 19. Ng5 c4 20. e4 h6 21. Nf3 c3
22. Qe2 O-O 23. Ra2 Qb6 24. Rca1 Nf6 25. Rxa7 Bxe4 26. Bxe4 Nxe4 27. R7a6 Qb7
28. Ra7 Qd5 29. R7a5 c2 30. Rxd5 c1=Q+ 31. Rxc1 Rxc1+ 32. Ne1 exd5 33. f3 Nf6
34. Qd2 Rc3 35. Nd3 Rxb3 36. Nxb4 Rc8 37. Nd3 Rc4 38. Ne5 Rcb4 39. h4 Rb8 40.
Qc2 R3b7 41. Qc6 h5 42. Kh2 Re7 43. Qc5 Rbe8 44. Kh3 Nd7 45. Nxd7 Rxd7 46. Qc6
Red8 47. Kg3 Rd6 48. Qc7 g6 49. Qe7 R8d7 50. Qe8+ Kg7 51. Qe5+ Kh7 52. Qe8 Kg7
53. Kh3 Rd8 54. Qe7 R8d7 55. Qe8 Rd8 56. Qe7 R8d7 1/2-1/2

[Event "PokerStars IoM Masters 2014"]
[Site "Douglas ENG"]
[Date "2014.10.06"]
[Round "3.26"]
[White "L'Ami, Alina"]
[Black "House, Glenn L"]
[Result "1-0"]
[WhiteTitle "IM"]
[BlackTitle "FM"]
[WhiteElo "2386"]
[BlackElo "2209"]
[WhiteFideId "1210246"]
[BlackFideId "406228"]
[EventDate "2014.10.04"]

1. d4 Nf6 2. c4 e6 3. Nc3 Bb4 4. f3 O-O 5. a3 Bxc3+ 6. bxc3 c5 7. e4 Nc6 8. Be3
Qa5 9. Qd2 b6 10. Bd3 Ba6 11. e5 Ne8 12. Ne2 d6 13. f4 dxe5 14. fxe5 Rd8 15. Rd1
Qa4 16. Qa2 Na5 17. Qb1 g6 18. Bg5 Rd7 19. O-O Nxc4 20. Rf3 Nxa3 21. Qc1 Bxd3
22. Rfxd3 Nc4 23. Ng3 Qc6 24. Bh6 Ng7 25. Qg5 f6 26. exf6 Rd5 27. fxg7 1-0

[Event "PokerStars IoM Masters 2014"]
[Site "Douglas ENG"]
[Date "2014.10.06"]
[Round "3.27"]
[White "Gutkind, Kedem"]
[Black "Ansell, Simon T"]
[Result "0-1"]
[BlackTitle "IM"]
[WhiteElo "1993"]
[BlackElo "2370"]
[WhiteFideId "1046519"]
[BlackFideId "402141"]
[EventDate "2014.10.04"]

1. e4 c5 2. Nf3 Nc6 3. Bb5 e6 4. O-O Nge7 5. d4 cxd4 6. Nxd4 a6 7. Nxc6 Nxc6 8.
Bxc6 bxc6 9. e5 d5 10. exd6 Bxd6 11. Nc3 O-O 12. Be3 Qc7 13. h3 c5 14. Ne4 Be7
15. c4 Bb7 16. Nc3 Bc6 17. Qc2 Rab8 18. b3 f5 19. f4 Rf6 20. Rae1 Rg6 21. Re2
Qb7 22. Kh2 Bd6 23. g3 Qc7 24. Qc1 Bb7 25. Na4 Qc6 26. Qb1 Rf8 27. Rd1 Qf3 0-1

[Event "PokerStars IoM Masters 2014"]
[Site "Douglas ENG"]
[Date "2014.10.06"]
[Round "3.28"]
[White "Tate, Alan"]
[Black "Groffen, Hans"]
[Result "1/2-1/2"]
[WhiteTitle "FM"]
[WhiteElo "2320"]
[BlackElo "2161"]
[WhiteFideId "2401878"]
[BlackFideId "1004140"]
[EventDate "2014.10.04"]

1. e4 c5 2. Nf3 e6 3. d4 cxd4 4. Nxd4 a6 5. Bd3 g6 6. c4 Bg7 7. Nb3 Ne7 8. O-O
Nbc6 9. Nc3 O-O 10. Bg5 h6 11. Bf4 d5 12. exd5 exd5 13. c5 Ne5 14. Re1 Nxd3 15.
Qxd3 Bf5 16. Qd2 d4 17. Na4 Nd5 18. Bxh6 Bxh6 19. Qxh6 Qf6 20. Qd2 d3 21. Nc3
Rad8 22. Ne4 Qh4 23. Qxd3 Nf4 24. Qg3 Qxg3 25. Nxg3 Be6 26. Ne4 Rd3 27. Na5 Kg7
28. Nxb7 Bd5 29. Nbd6 Rb8 30. b3 f5 31. Ng5 Nxg2 32. Red1 Rxd1+ 33. Rxd1 Nf4 34.
Kf1 Kf6 35. Nh7+ Kg7 36. Ng5 Kf6 37. Nh7+ Kg7 38. Ng5 1/2-1/2

[Event "PokerStars IoM Masters 2014"]
[Site "Douglas ENG"]
[Date "2014.10.06"]
[Round "3.29"]
[White "Duncan, Chris R"]
[Black "Boelhouwer, Collin"]
[Result "1/2-1/2"]
[WhiteTitle "FM"]
[WhiteElo "2319"]
[BlackElo "2106"]
[WhiteFideId "403091"]
[BlackFideId "1013300"]
[EventDate "2014.10.04"]

1. Nf3 Nf6 2. c4 g6 3. Nc3 Bg7 4. e4 d6 5. d4 O-O 6. Be2 e5 7. O-O Nc6 8. d5 Ne7
9. b4 Nh5 10. Re1 f5 11. Ng5 Nf6 12. f3 c6 13. Kh1 h6 14. Ne6 Bxe6 15. dxe6 fxe4
16. fxe4 d5 17. cxd5 cxd5 18. exd5 Rc8 19. Qb3 Nfxd5 20. Nxd5 Qxd5 21. Be3 b6
22. Red1 Qe4 23. Rd7 Rc2 24. Qd3 Qxd3 25. Bxd3 e4 26. Bxc2 Bxa1 27. Kg1 Nf5 28.
e7 Re8 29. Bxe4 Nxe7 30. Rxa7 Nc6 31. Bd5+ Kh8 32. Bxc6 Rxe3 33. a4 Rb3 34. b5
Be5 35. g3 Rb2 36. Re7 Bd4+ 37. Kh1 Ra2 38. Ra7 g5 39. h3 Be5 40. g4 Rh2+ 41.
Kg1 Rxh3 42. Kf2 h5 43. gxh5 Rxh5 44. Kf3 Rh4 45. Re7 Bc3 46. Be4 Kg8 47. Re6
Rf4+ 48. Ke3 Rf6 1/2-1/2

[Event "PokerStars IoM Masters 2014"]
[Site "Douglas ENG"]
[Date "2014.10.06"]
[Round "3.30"]
[White "Kolbus, Dietmar"]
[Black "Klein, Gernot"]
[Result "1-0"]
[WhiteTitle "IM"]
[WhiteElo "2316"]
[BlackElo "2000"]
[WhiteFideId "4610628"]
[BlackFideId "4695496"]
[EventDate "2014.10.04"]

1. c4 e6 2. Nf3 d5 3. g3 c6 4. Qc2 dxc4 5. Qxc4 Nf6 6. Bg2 b5 7. Qc2 Bb7 8. d4
Nbd7 9. Nc3 c5 10. O-O b4 11. Na4 cxd4 12. Nxd4 Rc8 13. Qb3 Bxg2 14. Kxg2 Be7
15. Be3 O-O 16. Rac1 Rxc1 17. Rxc1 Qa8+ 18. Kg1 Rc8 19. Rxc8+ Qxc8 20. Qc2 Qxc2
21. Nxc2 a6 22. f3 Nd5 23. Bd2 a5 24. e4 Nc5 25. Nxc5 Bxc5+ 26. Kf1 Nb6 27. Ke2
Nc4 28. b3 Nd6 29. Kd3 f6 30. Nd4 Kf7 31. Nc6 Bb6 32. Be3 Bc7 33. Bc5 Nb7 34.
Kc4 Ke8 35. Kb5 Kd7 36. Nd4 e5 37. Nf5 g6 38. Ne3 Nxc5 39. Kxc5 Ke6 40. Kc6 Bd8
41. g4 Be7 42. Nc4 Bd8 43. Nd6 Be7 44. Nb7 f5 45. gxf5+ gxf5 46. Nxa5 h5 47. Nc4
Kf6 48. Kd5 Bd8 49. Nxe5 Bc7 50. f4 h4 51. h3 fxe4 52. Kxe4 Bd6 53. Nf3 Kg6 54.
Nxh4+ Kh5 55. Nf3 Kg6 56. Ne5+ Kh5 57. Kf3 Kh4 58. Kg2 Bc7 59. Nf3+ Kh5 60. Kg3
Bd8 61. f5 Bc7+ 62. Kf2 Bd8 63. Ke3 Bf6 64. Ke4 Kh6 65. Kd5 Kg7 66. Ke6 Bc3 67.
Nh2 Bb2 68. Ng4 Bc3 69. Ke7 Bd4 70. f6+ Kg6 71. f7 Bc5+ 72. Ke8 Kg7 73. Ne5 1-0

[Event "PokerStars IoM Masters 2014"]
[Site "Douglas ENG"]
[Date "2014.10.06"]
[Round "3.32"]
[White "Smith, Graham"]
[Black "Efroimski, Marsel"]
[Result "0-1"]
[BlackTitle "WIM"]
[WhiteElo "2073"]
[BlackElo "2316"]
[WhiteFideId "410985"]
[BlackFideId "2810964"]
[EventDate "2014.10.04"]

1. Nf3 Nf6 2. c4 g6 3. Nc3 d5 4. Qa4+ Bd7 5. Qb3 dxc4 6. Qxc4 Bg7 7. e4 O-O 8.
e5 Ng4 9. d4 Nc6 10. h3 Nh6 11. Be2 Na5 12. Qd3 f6 13. O-O fxe5 14. dxe5 Bf5 15.
Qd5+ Qxd5 16. Nxd5 Nc6 17. Nxc7 Rad8 18. Ng5 Nd4 19. Bc4+ Kh8 20. g4 Rc8 21.
gxf5 Rxc7 22. Be6 Bxe5 23. Be3 Nc2 24. Rad1 Nxe3 25. fxe3 gxf5 26. Rd2 Rc6 27.
Rg2 Rf6 28. Rd1 Bd6 29. Bd5 Rb6 30. Rc1 Rg6 31. Rc8+ Kg7 32. e4 f4 33. h4 f3 34.
Rf2 Bg3 0-1

[Event "PokerStars IoM Masters 2014"]
[Site "Douglas ENG"]
[Date "2014.10.06"]
[Round "3.33"]
[White "Allen, Keith"]
[Black "Van Den Bersselaar, Jeroen"]
[Result "1/2-1/2"]
[WhiteElo "2197"]
[BlackElo "2119"]
[WhiteFideId "2501147"]
[BlackFideId "1006282"]
[EventDate "2014.10.04"]

1. d4 d5 2. c4 c6 3. Nf3 Nf6 4. e3 e6 5. Bd3 Nbd7 6. Nbd2 Bd6 7. O-O O-O 8. b3
e5 9. cxd5 cxd5 10. dxe5 Nxe5 11. Nxe5 Bxe5 12. Rb1 Bg4 13. f3 Bd7 14. Rf2 Re8
15. Nf1 Rc8 16. Bb2 Bxb2 17. Rfxb2 Qa5 18. Qd2 Qb6 19. Rd1 h5 20. Rc2 Rxc2 21.
Qxc2 Rc8 22. Qe2 a5 23. Ng3 Rc3 24. Qd2 Rc8 25. Kf2 Qc5 26. Bb1 a4 27. Ne2 axb3
28. axb3 Qa3 29. Nd4 g6 30. Bc2 Kg7 31. Qc1 Qa5 32. Qb2 h4 33. b4 Qc7 34. Kg1
Re8 35. Rd3 Rc8 36. Rd2 Re8 37. Rd3 Rc8 38. Rd2 1/2-1/2

[Event "PokerStars IoM Masters 2014"]
[Site "Douglas ENG"]
[Date "2014.10.06"]
[Round "3.35"]
[White "Fabri, Henrik"]
[Black "Walton, Alan J"]
[Result "1-0"]
[BlackTitle "CM"]
[WhiteElo "1948"]
[BlackElo "2123"]
[WhiteFideId "403270"]
[BlackFideId "409898"]
[EventDate "2014.10.04"]

1. d4 e6 2. Nf3 f5 3. c4 Nf6 4. g3 Be7 5. Bg2 d6 6. Nc3 O-O 7. O-O Ne4 8. Qc2
Nxc3 9. bxc3 Nc6 10. d5 Na5 11. Qa4 b6 12. Nd4 Bd7 13. Qb4 e5 14. Nc6 Bxc6 15.
dxc6 e4 16. Qb5 Qe8 17. f3 Bf6 18. Qd5+ Kh8 19. fxe4 Bxc3 20. Rb1 fxe4 21. Rxf8+
Qxf8 22. Bxe4 Re8 23. Bf4 Qe7 24. Bf3 Qf6 25. Kg2 h6 26. Qh5 Rf8 27. Qd5 g5 28.
Be3 Kg7 29. Rc1 Bb2 30. Rh1 Qe5 31. Qxe5+ dxe5 32. Bd5 Rf6 33. Rf1 Bc3 34. Rxf6
Kxf6 35. h4 gxh4 36. g4 Kg7 37. Bf2 Bd2 38. Bxh4 Bg5 39. Bg3 Kf6 40. Kf3 a6 41.
Ke4 Bf4 42. Bh4+ Bg5 43. Be1 Bc1 44. Bc3 Bf4 45. c5 Ke7 46. e3 Bh2 47. Kf5 Bg1
48. Bd2 Bh2 49. Kg6 1-0

[Event "PokerStars IoM Masters 2014"]
[Site "Douglas ENG"]
[Date "2014.10.06"]
[Round "3.36"]
[White "Sant Anna, Eddie Luiz G."]
[Black "Llewellyn, Alan M"]
[Result "1-0"]
[WhiteElo "2119"]
[BlackElo "1555"]
[WhiteFideId "2103893"]
[BlackFideId "422479"]
[EventDate "2014.10.04"]

1. e4 Nf6 2. d3 g6 3. Be2 d6 4. g4 Bg7 5. g5 Ng8 6. h4 e5 7. f4 exf4 8. Bxf4
Bxb2 9. Nd2 Be5 10. Bxe5 dxe5 11. Nc4 Nc6 12. Nf3 f6 13. h5 gxh5 14. gxf6 Nxf6
15. Nfxe5 Nxe5 16. Nxe5 Qd4 17. Bxh5+ Ke7 18. Nf3 Qe3+ 19. Qe2 Qxe2+ 20. Kxe2
Nxh5 21. Rxh5 Bg4 22. Re5+ Kf6 23. Ke3 Bxf3 24. Rf5+ Ke6 25. Rxf3 Raf8 26. Rh3
c5 27. Rah1 Rf7 28. Rh6+ Ke7 29. R1h5 b6 30. e5 Rg7 31. Ke4 Rg4+ 32. Kf5 Rg7 33.
Ke4 Rg4+ 34. Kf5 Rg7 35. Rh4 Rf8+ 36. Ke4 Rh8 37. c3 b5 38. Rc6 Rhg8 39. Rxc5
Rg4+ 40. Rxg4 Rxg4+ 41. Kf5 h5 42. Rc7+ Kd8 43. Rxa7 Rg3 44. Ke4 h4 45. Rh7 h3
46. Kd4 Ke8 47. c4 b4 48. c5 Kd8 49. Kc4 Ke8 50. d4 Kf8 51. Kxb4 Kg8 52. Rh4 Kf7
53. Kc4 Kg6 54. c6 Kg5 55. Rh8 Rg2 56. Rxh3 Rxa2 57. c7 1-0